=LDR 00000nam 2200000 4500 =001 INLIS000000000050911 =005 20170804023914 =035 ##$$a 0010-0817000094 =007 ta =008 170804###########################0###### =082 ##$$a 028.5 =084 ##$$a 028.5 DAD s =100 #$$a Dadan Ramadhan =245 1#$$a Silago Tebakan dan Enam Dongeng Asyik Lainnya /$c Dadan Ramadhan =260 ##$$a Bandung :$b Dar! mazian,$c 2008 =300 ##$$a 157 hlm : $b ilus. ; $c 18 cm =650 ##$$a Bacaan Kanak-Kanak =990 ##$$a 89908990 =990 ##$$a 31701621